| 000 | 00887cam a2200253 4500 | ||
|---|---|---|---|
| 008 | 000000n2001 000 0 eng u | ||
| 020 | _a0415248884 | ||
| 035 | _a(Sirsi) u113299 | ||
| 050 | _a658.05 | ||
| 100 |
_aJackson, P. _xEditor |
||
| 245 | _aeBusiness and workplace redesign | ||
| 260 |
_aLondon _bRoutledge _c2001 |
||
| 300 |
_axviii,178p. _c25cm. |
||
| 350 | _a21.99 | ||
| 520 | _aThe editors and contributors of this text have drawn upon their international and multidisciplinary experience to demonstrate how workplaces and workloads can be planned and managed more effectively thorough the use of the new technologies, including the Internet. | ||
| 650 | _aE-COMMERCE | ||
| 650 | _aINTERNET | ||
| 650 | _aOFFICE LAYOUT | ||
| 650 | _aWORKLOADS | ||
| 650 | _aWORKPLACE DESIGN | ||
| 690 | _aMANAGEMENT-BUSINESS MANAGEMENT | ||
| 700 | _aSuomi, R. | ||
| 942 | _n0 | ||
| 999 |
_c101519 _d101519 |
||